Κατάλογος Βιβλιοθηκών Mediterranean College

Διοίκηση Επιχειρήσεων / Αρχές και Εφαρμογές (Record no. 5961)

MARC details
000 -LEADER
fixed length control field 02066cam a22002414a 4500
005 - ΗΜΕΡΟΜΗΝΙΑ ΚΑΙ ΩΡΑ ΤΕΛΕΥΤΑΙΑΣ ΕΝΗΜΕΡΩΣΗΣ
Πεδίο ελέγχου 20250605164227.0
008 - FIXED-LENGTH DATA ELEMENTS--GENERAL INFORMATION
Πεδίο ελέγχου σταθερού μήκους 250528s ||||||||||||||||||||||||d
035 ## - SYSTEM CONTROL NUMBER
System control number 20880
020 ## - ISBN
ISBN 9789602187548
040 ## - ΠΗΓΗ ΚΑΤΑΛΟΓΟΓΡΑΦΗΣΗΣ
Φορέας πρωτότυπης καταλογογράφησης MC Athens Campus Library
Γλώσσα καταλογογράφησης Ελληνικά, Μοντέρνα (1453-)
Modifying agency MC Athens Campus Library
Κανόνες περιγραφικής καταλογογράφησης AACR2
245 1# - ΤΙΤΛΟΣ ΚΑΙ ΔΗΛΩΣΗ ΥΠΕΥΘΥΝΟΤΗΤΑΣ
Τίτλος Διοίκηση Επιχειρήσεων / Αρχές και Εφαρμογές
250 ## - EDITION STATEMENT
Edition statement
260 ## - PUBLICATION, DISTRIBUTION, ETC.
Name of publisher, distributor, etc. Κριτική,
Date of publication, distribution, etc. 2012
300 ## - PHYSICAL DESCRIPTION
Extent 784
520 ## - SUMMARY, ETC.
Summary, etc. Το παρόν βιβλίο αντικατροπτίζει όλες τις νέες τάσεις στη διοίκηση των σύγχρονων οικονομικών μονάδων. Πρόλογος, Εισαγώγη, Οι Μάνατζερ και το Μάνατζμεντ, Μια Σύντομη Ιστορική Ανασκόπηση της Καταγωγής του Μάνατζμεντ, Το Περιβάλλον του Μάνατζμεντ, Σχεδιασμός, Τα Θέμέλια της Λήψης Αποφάσεων, Τα Θεμέλια του Σχεδιασμού, Διοίκηση Επιχερηματικών Εγχειρημάτων, Οργάνωση, Οργανωσιακή Δομή και Κουλτούρα, Διοίκηση Ανθρώπινων Πόρων, Οικοδομώντας τη Καριέρα σας, Διαχείριση της Αλλαγής και Καινοτομία, Ηγεσία, Τα Θεμέλια της Ατομικής Συμπεριφοράς, Κατανόηση των Ομάδων και Διοίκηση των Ομάδων Εργασίας, Παρακίνηση και Επιβράβευση Εργαζομένων, Ηγεσία και Εμπιστοσύνη, Επικοινωνία και Διαπροσωπικές Δεξιότητες, Άσκηση Ελέγχου, Τα Θεμέλια του Ελέγχου, Διοίκηση Λειτουργιών, Γλωσσάρι.
700 1# - ΠΡΟΣΘΕΤΗ ΑΝΑΓΡΑΦΗ--ΦΥΣΙΚΟ ΠΡΟΣΩΠΟ
Personal name Coulter Mary
9 (RLIN) 3502
700 1# - ΠΡΟΣΘΕΤΗ ΑΝΑΓΡΑΦΗ--ΦΥΣΙΚΟ ΠΡΟΣΩΠΟ
Personal name Decenzo David A
9 (RLIN) 6861
700 1# - ΠΡΟΣΘΕΤΗ ΑΝΑΓΡΑΦΗ--ΦΥΣΙΚΟ ΠΡΟΣΩΠΟ
Personal name Robbins Stephen P
9 (RLIN) 1079
700 1# - ΠΡΟΣΘΕΤΗ ΑΝΑΓΡΑΦΗ--ΦΥΣΙΚΟ ΠΡΟΣΩΠΟ
Personal name Κέφης Βασίλης
9 (RLIN) 6862
942 ## - ADDED ENTRY ELEMENTS (KOHA)
Koha item type Books
Holdings
Τύπος τεκμηρίου Βιβλιοθήκη Τρέχουσα τοποθεσία Barcode Αριθμός εισαγωγής Ημερομηνία απόκτησης Ταξιθετικό σύμβολο Αριθμός αντιτύπου Κατάσταση απόσυρσης Κατάσταση χαμένου Κατάσταση κατεστραμμένου Μη δανεισμός Σύνολο δανεισμών Ημερομηνία τελευταίας εμφάνισης Η τιμή ισχύει από
Books MC Athens Campus Library MC Athens Campus Library 9780000059604 6536 05/06/2025 658 ROB 1           05/06/2025 05/06/2025

MC Athens Campus Library
Πατησίων 94 & Κοδριγκτώνος 13, 104 34
Πελλήνης 8 & Πατησίων 107, 112 51
Τ: +30 210 8899600

MC Thessaloniki Campus Library
Ίωνος Δραγούμη 21, 54625 | Ίωνος Δραγούμη 15, 54625
Τ: +30 2310 287779 – Τ: +30 2314 440300